000
00369nam a2200181Ia 4500
100
_a
Stevens/Malcolm P
650
_a
Chemistry
250
_a
3
942
_c
BK
366
_f
20
654
_a
polymer
245
_a
Polymer Chemistry
260
_b
Oxford university press
_c
2008
082
_a
547.7/STE
_b
STE
300
_a
551
546
_a
ENGLISH
999
_c
33717
_d
33717